Blindés de conception russo-soviétique - Statistiques

Statistiques générales
  • Ce quiz a été pris 30 fois
  • Le résultat moyen est 8 sur 16
Statistiques - réponses
Par images Réponse % Correct
BMP-1
91%
BMP-2
73%
BMP-3
64%
BMPT
64%
T-62
59%
T-90M
59%
BTR-70
50%
T-90A
50%
BTR-80A/BTR-82
45%
T-72B3
45%
T-80BVM
45%
BTR-80
41%
T-55A
41%
MT-LB
23%
T-62M
23%
T-64BV
23%
Aucun quiz correspondant
Distribution des résultats
% des personnes avec chaque résultat
Percentile par nombre de réponses
Votre historique - résultats
Vous n’avez pas pris ce quiz